Normal view MARC view

Entry Personal Name

Number of records used in: 2

001 - CONTROL NUMBER

  • control field: 76275

003 - CONTROL NUMBER IDENTIFIER

  • control field: dpl

005 - DATE AND TIME OF LATEST TRANSACTION

  • control field: 20250109160432.0

008 - FIXED-LENGTH DATA ELEMENTS

  • fixed length control field: 250109|| aca||aabn | a|a d

040 ## - CATALOGING SOURCE

  • Original cataloging agency: dpl
  • Transcribing agency: dpl

100 ## - HEADING--PERSONAL NAME

  • Personal name: रमा

670 ## - SOURCE DATA FOUND

  • Source citation: Work cat.: (dpl)208312: अस्मिता विमर्श और हिन्दी साहित्य/, 2023

© Delhi Public Library
Hit Counter
free hit counter